Social contracts under stress : the middle classes of America, Europa, and Japan at the turn of the century
Αποθηκεύτηκε σε:
| Άλλοι συγγραφείς: | , , |
|---|---|
| Μορφή: | Βιβλίο |
| Γλώσσα: | English |
| Δημοσίευση: |
New York, N.Y. :
Russell Sage Foundation,
2002
|
| Θέματα: | |
| Ετικέτες: |
Προσθήκη ετικέτας
Δεν υπάρχουν, Καταχωρήστε ετικέτα πρώτοι!
|
MARC
| LEADER | 00000nam a2200000 i 4500 | ||
|---|---|---|---|
| 001 | 1/79417 | ||
| 008 | 080331s2002 eng d | ||
| 020 | |a 0-87154-998-0 | ||
| 035 | |l 10095960 | ||
| 040 | |a GR-MY-UA |b gre |e aacr | ||
| 041 | 0 | |a eng | |
| 082 | 0 | |a 305.5509049 |2 (22) | |
| 245 | 1 | 0 | |a Social contracts under stress : |b the middle classes of America, Europa, and Japan at the turn of the century / |c edited by Olivier Zunz, Leonard Schoppa, and Nobuhiro Hiwatari |
| 260 | |a New York, N.Y. : |b Russell Sage Foundation, |c 2002 | ||
| 300 | |a xii, 431 σ.; |c 24 εκ. | ||
| 504 | |a Βιβλιογραφία: σ. 411-420 | ||
| 504 | |a Ευρετήριο: σ. 421-431 | ||
| 650 | 0 | 0 | |a Middle class |z Europe |x History |y 20th century. |
| 650 | 0 | 0 | |a Middle class |z United States |x History |y 20th century. |
| 650 | 0 | 0 | |a Middle class |z Japan |x History |y 19th century. |
| 700 | 1 | |a Zunz, Olivier. |4 edt | |
| 700 | 1 | |a Schoppa, Leonard J. |q (Leonard James) |d 1962- |4 edt | |
| 700 | 1 | |a Hiwatari, Nobuhiro |d 1955- |4 edt | |
| 852 | |a INST |b LESVOS |e 20080331 |h 305.5509049 SOC |p 005100039463 |q 005100039463 |t BK |y 0 | ||
| 901 | |a BIBL1-2008-1 | ||
| 909 | |a Λ |b 151109 | ||
| 922 | |a 1ΕΛΗ |b 200803 |c ΕΠΕΑΕΚ2/ΤΚΑ |d ΠΑΠΑΣΩΤΗΡΙΟΥ | ||
| 970 | |a ΚΑΡΑ |b ΓΙΑΣΕΜΗ |z 2008/03/31 | ||